Impact of euro on UK housing market (Record no. 72986)

MARC details
000 -LEADER
fixed length control field 00974cam a2200205 4500
001 - CONTROL NUMBER
control field WB3925-08
008 - FIXED-LENGTH DATA ELEMENTS--GENERAL INFORMATION
fixed length control field 030702n2003 000 0 eng u
035 ## - SYSTEM CONTROL NUMBER
System control number (Sirsi) u122895
245 ## - TITLE STATEMENT
Title Impact of euro on UK housing market
260 ## - PUBLICATION, DISTRIBUTION, ETC.
Date of publication, distribution, etc. 2003
490 ## - SERIES STATEMENT
Series statement RICS Research
Volume/sequential designation 9 June 2003 (1)
520 ## - SUMMARY, ETC.
Summary, etc. Research from the RICS Policy Unit concluded that early British adoption of the euro is likely to push house prices up by 15-28%. The study was prepared in advance of the Chancellorαs big euro decision on the ♯five economic testsα. "The euro and the UK housing market" is available at www.rics.org/downloads/research_reports/euro_housing_060603.pdf. www.rics.org/ricscms/bin/show?class=ResearchReports&template=/includes/showresearch.html&id=51
590 ## - LOCAL NOTE (RLIN)
Local note WB
650 ## - SUBJECT ADDED ENTRY--TOPICAL TERM
Topical term or geographic name entry element HOUSE PRICES
650 ## - SUBJECT ADDED ENTRY--TOPICAL TERM
Topical term or geographic name entry element EURO
650 ## - SUBJECT ADDED ENTRY--TOPICAL TERM
Topical term or geographic name entry element EMU
650 ## - SUBJECT ADDED ENTRY--TOPICAL TERM
Topical term or geographic name entry element EUROPEAN MONETARY UNION
690 ## - LOCAL SUBJECT ADDED ENTRY--TOPICAL TERM (OCLC, RLIN)
Topical term or geographic name as entry element PROPERTY-RESIDENTIAL PROPERTY-RESIDENTIAL PROPERTY MARKET
942 ## - ADDED ENTRY ELEMENTS (KOHA)
Suppress in OPAC 0
Source of classification or shelving scheme Dewey Decimal Classification
Holdings
Withdrawn status Lost status Source of classification or shelving scheme Damaged status Not for loan Home library Current library Shelving location Date acquired Total Checkouts Full call number Barcode Date last seen Copy number Price effective from Koha item type
    Dewey Decimal Classification     London London News article 02/07/2003   WB3925-08 122895-1001 06/08/2019 1 06/08/2019 News article